[Event "Kampala IM"]
[Site "Kampala"]
[Date "2022.02.20"]
[Round "5"]
[White "Kawuma, Patrick"]
[Black "Bwalya, Gillan"]
[Result "0-1"]
[WhiteElo "2353"]
[BlackElo "2410"]
[PlyCount "156"]
[EventDate "2022.02.18"]
[EventType "tourn"]
[EventRounds "9"]
[EventCountry "UGA"]
[SourceTitle "EXT 2023"]
[Source "ChessBase"]
[SourceDate "2022.10.05"]
[SourceVersion "1"]
[SourceVersionDate "2022.10.05"]
[SourceQuality "1"]

1. c4 e5 2. Nc3 Nf6 3. Nf3 Nc6 4. e4 Bb4 5. d3 h6 6. Bd2 0-0 7. a3 Be7 8. b4 d6 9. h3 a5 10. b5 Nb8 11. d4 exd4 12. Nxd4 Nbd7 13. Be2 Nc5 14. Qc2 Re8 15. 0-0 Bf8 16. Bf3 g6 17. Rad1 a4 18. Rfe1 Bg7 19. Bf4 Nfd7 20. Be3 Nb6 21. Nf5 gxf5 22. Bxc5 Nxc4 23. Be2 Ne5 24. Be3 fxe4 25. Nxe4 Bf5 26. f3 Re6 27. Qc1 Rg6 28. Nf2 Qh4 29. Ng4 h5 30. Bf2 Qe7 31. Nxe5 dxe5 32. Bd3 Qe6 33. Bc4 Qf6 34. Kf1 Re8 35. Bd5 c6 36. bxc6 bxc6 37. Be4 Bf8 38. Rd3 Rb8 39. Rc3 Bxe4 40. Rxe4 Bh6 41. Qc2 Rd8 42. Be3 Bxe3 43. Rcxe3 Rd5 44. Qxa4 Qd6 45. Re2 Rd1+ 46. Kf2 Qc5+ 47. R4e3 Qc1 48. Re1 Rxe1 49. Rxe1 Qd2+ 50. Re2 Rxg2+ 51. Kxg2 Qxe2+ 52. Kg3 Qe1+ 53. Kg2 h4 54. Qg4+ Kf8 55. Qg5 Qe2+ 56. Kg1 Qd1+ 57. Kg2 Qc2+ 58. Kh1 Qb1+ 59. Kh2 Qb2+ 60. Kh1 Qb1+ 61. Kh2 Qc2+ 62. Kh1 Qd1+ 63. Kg2 Qe2+ 64. Kg1 Qxf3 65. Qxh4 Ke8 66. Qh8+ Kd7 67. Qxe5 Qxh3 68. Qd4+ Kc8 69. a4 Qf5 70. Qh8+ Kb7 71. Qb2+ Ka6 72. Qe2+ Ka5 73. Qc4 Qd5 74. Qc2 c5 75. Kf2 f5 76. Kg3 c4 77. Kf4 Qe4+ 78. Qxe4 fxe4 0-1

[Event "Kampala IM"]
[Site "Kampala"]
[Date "2022.02.19"]
[Round "3"]
[White "Kawuma, Patrick"]
[Black "Mabior, Anyuat Mabior"]
[Result "1-0"]
[WhiteElo "2353"]
[BlackElo "2067"]
[PlyCount "99"]
[EventDate "2022.02.18"]
[EventType "tourn"]
[EventRounds "9"]
[EventCountry "UGA"]
[SourceTitle "EXT 2023"]
[Source "ChessBase"]
[SourceDate "2022.10.05"]
[SourceVersion "1"]
[SourceVersionDate "2022.10.05"]
[SourceQuality "1"]

1. c4 e5 2. g3 Nc6 3. Bg2 Nf6 4. Nc3 d6 5. Nf3 h6 6. 0-0 Be6 7. d4 exd4 8. Nxd4 Nxd4 9. Qxd4 Qc8 10. Bd2 Be7 11. Nd5 Bd8 12. Bc3 0-0 13. Rad1 Bh3 14. Rfe1 Bxg2 15. Kxg2 Re8 16. e4 c6 17. Nxf6+ Bxf6 18. Qxd6 Bxc3 19. bxc3 Rd8 20. Qe7 Re8 21. Qd7 Rd8 22. Qxc8 Raxc8 23. Rd4 Kf8 24. Red1 Ke7 25. c5 b6 26. Rxd8 Rxd8 27. Rxd8 Kxd8 28. cxb6 axb6 29. Kf3 Ke7 30. Ke3 Kd6 31. f4 f6 32. Kd4 Ke6 33. c4 g5 34. a3 h5 35. h4 g4 36. a4 c5+ 37. Kc3 Kd6 38. Kd3 Ke6 39. f5+ Kd6 40. Kd2 Kc6 41. Ke3 Kd7 42. Kf4 Kd6 43. e5+ fxe5+ 44. Ke4 Ke7 45. Kxe5 Kf7 46. f6 Kf8 47. Ke6 Ke8 48. f7+ Kf8 49. Kf6 b5 50. cxb5 1-0